FUNDAMENTALS OF PHYSICS (Record no. 9896)
[ view plain ]
| 000 -LEADER | |
|---|---|
| fixed length control field | 00384cam a2200181ua 4500 |
| 008 - FIXED-LENGTH DATA ELEMENTS--GENERAL INFORMATION | |
| fixed length control field | 120120n II |||gr||||Z||||||eng |
| 040 ## - CATALOGING SOURCE | |
| Original cataloging agency | MAIN |
| 041 ## - LANGUAGE CODE | |
| -- | English |
| 082 ## - DEWEY DECIMAL CLASSIFICATION NUMBER | |
| Classification number | 530 HAL |
| 100 ## - MAIN ENTRY--PERSONAL NAME | |
| Personal name | HALLIDAY. |
| 245 ## - TITLE STATEMENT | |
| Title | FUNDAMENTALS OF PHYSICS |
| 250 ## - EDITION STATEMENT | |
| Edition statement | 6TH. |
| 260 ## - PUBLICATION, DISTRIBUTION, ETC. | |
| Place of publication, distribution, etc. | [s.l]: |
| Name of publisher, distributor, etc. | JHON WILLEY SONS. |
| 300 ## - PHYSICAL DESCRIPTION | |
| Extent | 1144. |
| 942 ## - ADDED ENTRY ELEMENTS (KOHA) | |
| Koha item type | Books |
| 653 ## - INDEX TERM--UNCONTROLLED | |
| Uncontrolled term | Physics |
| Withdrawn status | Lost status | Damaged status | Not for loan | Collection code | Home library | Current library | Shelving location | Date acquired | Full call number | Barcode | Date last seen | Copy number | Price effective from | Koha item type | Public note |
|---|---|---|---|---|---|---|---|---|---|---|---|---|---|---|---|
| TBPHY | Central Library and Information Centre Sibsagar Girls College | Central Library and Information Centre Sibsagar Girls College | PHYSICS BOOK RACK | 21.07.2000 | 530 HAL | 16889 | 27.02.2020 | 1 | 27.02.2020 | Books | V |